[Event "CRO-ch U11"]
[Site "Trogir"]
[Date "2021.06.22"]
[Round "6"]
[White "Juric, Vito"]
[Black "Pecotic, Rudi"]
[Result "1/2-1/2"]
[WhiteElo "1244"]
[BlackElo "1692"]
[PlyCount "90"]
[EventDate "2021.06.19"]
[EventType "swiss"]
[EventRounds "9"]
[EventCountry "CRO"]
[SourceTitle "EXT 2022"]
[Source "ChessBase"]
[SourceDate "2021.10.06"]
[SourceVersion "1"]
[SourceVersionDate "2021.10.06"]
[SourceQuality "1"]

1. d4 g6 2. Bf4 Bg7 3. e3 d5 4. Nf3 Nc6 5. Nbd2 e6 6. c4 Nge7 7. h4 b6 8. h5 Bb7 9. hxg6 fxg6 10. Ng5 Qd7 11. Rxh7 Rxh7 12. Nxh7 0-0-0 13. Ng5 Bh6 14. Nxe6 Qxe6 15. Bxh6 Qf5 16. Be2 Kb8 17. g4 Qf6 18. Qc2 g5 19. Qh7 Ng8 20. Bg7 Qf7 21. a3 Rd7 22. cxd5 Nd8 23. d6 cxd6 24. Bc4 Qxg7 25. Qxg8 d5 26. Qxg7 Rxg7 27. Bd3 a6 28. Rc1 Rf7 29. Ke2 Bc8 30. f3 b5 31. e4 Ne6 32. Kf2 Nxd4 33. exd5 Bxg4 34. Be4 Bxf3 35. Bxf3 Nxf3 36. Nxf3 g4 37. d6 Rxf3+ 38. Ke2 Rf6 39. d7 Re6+ 40. Kf2 Rf6+ 41. Kg3 Rf8 42. Kxg4 Rd8 43. Rd1 Kc7 44. Kf4 Rxd7 45. Rxd7+ Kxd7 1/2-1/2

[Event "CRO-ch U11"]
[Site "Trogir"]
[Date "2021.06.19"]
[Round "1"]
[White "Capjak, David"]
[Black "Juric, Vito"]
[Result "0-1"]
[WhiteElo "1647"]
[BlackElo "1244"]
[PlyCount "76"]
[EventDate "2021.06.19"]
[EventType "swiss"]
[EventRounds "9"]
[EventCountry "CRO"]
[SourceTitle "EXT 2022"]
[Source "ChessBase"]
[SourceDate "2021.10.06"]
[SourceVersion "1"]
[SourceVersionDate "2021.10.06"]
[SourceQuality "1"]

1. e4 c5 2. Nf3 Nc6 3. d4 cxd4 4. Nxd4 g6 5. Nc3 Bg7 6. Be3 e5 7. Nxc6 bxc6 8. Be2 Ne7 9. 0-0 0-0 10. Bg5 h6 11. Be3 d5 12. Bc5 d4 13. Na4 Re8 14. Nc3 Qa5 15. b4 Qc7 16. Na4 Kh7 17. Nb2 f5 18. Nc4 Be6 19. Nd6 Red8 20. exf5 Nxf5 21. Ne4 Qf7 22. Qd3 Ne7 23. a3 Nd5 24. Ra2 Nf4 25. Qf3 Bxa2 26. c4 d3 27. Qg4 dxe2 28. Re1 Bxc4 29. Qh4 Kg8 30. Nd6 Rxd6 31. Bxd6 g5 32. Qg4 Rd8 33. h3 Rxd6 34. g3 Nxh3+ 35. Qxh3 Rd1 36. Rxd1 exd1Q+ 37. Kg2 Qff3+ 38. Kh2 Qdh1# 0-1

[Event "CRO-ch U11"]
[Site "Trogir"]
[Date "2020.08.24"]
[Round "1"]
[White "Juric, Vito"]
[Black "Poljan, Max"]
[Result "0-1"]
[WhiteElo "1750"]
[BlackElo "1608"]
[PlyCount "110"]
[EventDate "2020.08.24"]
[EventType "swiss"]
[EventRounds "9"]
[EventCountry "CRO"]
[SourceTitle "CBM 198 Extra"]
[Source "ChessBase"]
[SourceDate "2020.11.30"]
[SourceVersion "1"]
[SourceVersionDate "2020.11.30"]
[SourceQuality "1"]

1. d4 Nf6 2. Bf4 e6 3. e3 c5 4. Nf3 d5 5. Bb5+ Bd7 6. Bxd7+ Nbxd7 7. 0-0 Qb6 8. Nbd2 Bd6 9. Bxd6 Qxd6 10. Re1 0-0 11. c4 b6 12. Rc1 cxd4 13. exd4 Qb4 14. b3 Rfc8 15. Qe2 a5 16. Rc2 Ne8 17. Rec1 Ndf6 18. Ne5 a4 19. bxa4 Qxa4 20. Qd3 Nd6 21. c5 bxc5 22. dxc5 Nde4 23. Nxe4 Qxe4 24. Qxe4 Nxe4 25. f3 Nf6 26. c6 Rc7 27. Nd7 Nxd7 28. cxd7 Rxd7 29. Rc8+ Rd8 30. Rxd8+ Rxd8 31. Kf2 g6 32. Ra1 Ra8 33. Ke3 e5 34. Kd3 f5 35. a4 e4+ 36. Kd4 Ra5 37. Kc3 Kf7 38. Kb4 Ra8 39. a5 Ke6 40. Kc5 Ke5 41. a6 e3 42. Kb6 d4 43. a7 d3 44. Ra5+ Kd4 45. Ra4+ Kc3 46. Ra3+ Kd2 47. Ra2+ Ke1 48. Kb7 Rxa7+ 49. Rxa7 d2 50. Ra1+ d1Q 51. Rxd1+ Kxd1 52. Kc6 e2 53. Kd5 e1Q 54. Kc4 Qd2 55. Kc5 Qd3 0-1